000
00262nam a2200109Ia 4500
008
190216s9999||||xx |||||||||||||| ||und||
100
_a
Null
245
0
_a
Better English Pronuciation
260
_b
English Language Book Society
650
_a
English
942
_c
BK
999
_c
12837
_d
12837